Коми-пермяцкöй кыв грамматика. Ч. 2: Синтаксис (Запись № 10259902)

Подробности
000 -МАРКЕР
контрольное поле 01009nam2a2200265 4500
001 - ИДЕНТИФИКАТОР ЗАПИСИ
контрольное поле RU\NLR\ONL1\21932
005 - ИДЕНТИФИКАТОР ВЕРСИИ
контрольное поле 20250613223439.0
035 ## - ДРУГИЕ СИСТЕМНЫЕ НОМЕРА
Идентификатор записи (NLR Aleph) 010207654
100 ## - ДАННЫЕ ОБЩЕЙ ОБРАБОТКИ
Данные общей обработки 20130131d1962 |||y0rusy50 ca
101 0# - ЯЗЫК РЕСУРСА
Язык текста, звукозаписи и т.д. коми-пермяцкий
102 ## - СТРАНА ПУБЛИКАЦИИ ИЛИ ПРОИЗВОДСТВА
Страна публикации Российская Федерация
105 ## - ПОЛЕ КОДИРОВАННЫХ ДАННЫХ: ТЕКСТОВЫЕ МАТЕРИАЛЫ, МОНОГРАФИЧЕСКИЕ
Кодированные данные о монографическом текстовом документе y |||||||||
200 1# - ЗАГЛАВИЕ И СВЕДЕНИЯ ОБ ОТВЕТСТВЕННОСТИ
Основное заглавие Синтаксис
Сведения, относящиеся к заглавию 6-7 кл. понда учебник
Первые сведения об ответственности М. П. Караваева, А. М. Спорова
205 ## - СВЕДЕНИЯ ОБ ИЗДАНИИ
Сведения об издании 7-öт изд.
210 ## - ПУБЛИКАЦИЯ, РАСПРОСТРАНЕНИЕ И ДР.
Дата издания, распространения и т.д. 1962
Место издания, распространения и т.д. Б. м.
215 ## - ФИЗИЧЕСКАЯ ХАРАКТЕРИСТИКА
Специфическое обозначение материала и объем 92 с.
461 #0 - УРОВЕНЬ НАБОРА
Встроенное поле 001RU\NLR\ONL1\21931
-- 2001#$aКоми-пермяцкöй кыв грамматика$vЧ. 2
Системный номер (АБИС) связанной записи 10259899
Место публикации Кудымкар
Дата публикации 1962
Имя издателя, распространителя и т.д. Коми-Пермяц. кн. изд-во
Заглавие Коми-пермяцкöй кыв грамматика
Номер тома Ч. 2
700 #1 - ИМЯ ЛИЦА - ПЕРВИЧНАЯ ОТВЕТСТВЕННОСТЬ
Начальный элемент ввода Караваева
Часть имени, кроме начального элемента ввода М. П.
Расширение инициалов личного имени Мария Петровна
Код отношения Автор
701 #1 - ИМЯ ЛИЦА - АЛЬТЕРНАТИВНАЯ ОТВЕТСТВЕННОСТЬ
Начальный элемент ввода Спорова
Часть имени, кроме начального элемента ввода А. М.
Код отношения Автор
801 #0 - ИСТОЧНИК ЗАПИСИ
Страна Российская Федерация
Организация NLR
Дата составления 20130131
Правила каталогизации PSBO
852 ## - МЕСТОНАХОЖДЕНИЕ И ШИФР ХРАНЕНИЯ
Идентификатор организации NLR
Наименование фонда или коллекции (Sub-Location Identifier) ОНЛ
Шифр хранения (Call Number) Коми-п./3-1509
942 ## - ДОПОЛНИТЕЛЬНЫЕ ЭЛЕМЕНТЫ ЗАПИСИ (АБИС)
Тип экземпляра АБИС Книга
980 ## - КОЛЛЕКЦИЯ
Название коллекции Национальная библиография
Экземпляры
Тип экземпляра Дата поступления Библиотека постоянного хранения Библиотека текущего хранения Место хранения Шифр хранения Штрих-код Статус экземпляра
Книга 23.12.2019 РНБ (Московский) РНБ (Московский) Фонд национальных литератур Коми-п./3-1509 1-2427509